000
00312nam a22001337a 4500
082
_a
894.812.3
_b
GEO/J
100
_a
GEORGE, BEENA
245
_a
JWALIKKUNNA MANCHIRATHUKAL
260
_a
TRIVANDRUM
_b
PRABHATHAM PRINTING & PUBLISHING CO
_c
1997
300
_a
108
520
_a
NOVEL
650
_a
NOVEL
942
_c
BK
999
_c
4818
_d
4818